[Event "Steinfurt Bezirksklasse 1819"]
[Site "Germany"]
[Date "2019.03.02"]
[Round "6.1"]
[White "Strotmann, Horst"]
[Black "Herick, Maria"]
[Result "1-0"]
[WhiteElo "1451"]
[BlackElo "1329"]
[PlyCount "55"]
[EventDate "2018.09.29"]
[EventType "team-tourn"]
[EventRounds "7"]
[EventCountry "GER"]
[SourceTitle "EXT 2020"]
[Source "ChessBase"]
[SourceDate "2019.10.17"]
[SourceVersion "1"]
[SourceVersionDate "2019.10.17"]
[SourceQuality "1"]
[WhiteTeam "Rheine Klein Berlin III"]
[BlackTeam "Steinfurt IV"]
[WhiteTeamCountry "GER"]
[BlackTeamCountry "GER"]

1. d4 d5 2. c4 dxc4 3. Nc3 e6 4. e3 Nf6 5. Bxc4 Bb4 6. Nge2 0-0 7. a3 Bd6 8. 0-0 Nbd7 9. e4 Ng4 10. e5 Ndxe5 11. dxe5 Bxe5 12. f4 Bd6 13. Ng3 Bc5+ 14. Kh1 Qh4 15. h3 Nf2+ 16. Rxf2 Bxf2 17. Nge4 e5 18. Qf3 Bd4 19. fxe5 Bxe5 20. Bg5 Bg4 21. Qxf7+ Rxf7 22. Bxf7+ Kxf7 23. Bxh4 Bd7 24. Ng5+ Kg8 25. Re1 Bf6 26. Nf3 Bxh4 27. Nxh4 Rf8 28. Re7 1-0

[Event "Steinfurt Bezirksklasse 1819"]
[Site "Germany"]
[Date "2018.11.10"]
[Round "2.2"]
[White "Herick, Maria"]
[Black "Li, David1111"]
[Result "0-1"]
[WhiteElo "1329"]
[BlackElo "1331"]
[PlyCount "82"]
[EventDate "2018.09.29"]
[EventType "team-tourn"]
[EventRounds "7"]
[EventCountry "GER"]
[SourceTitle "EXT 2020"]
[Source "ChessBase"]
[SourceDate "2019.10.17"]
[SourceVersion "1"]
[SourceVersionDate "2019.10.17"]
[SourceQuality "1"]
[WhiteTeam "Steinfurt IV"]
[BlackTeam "Emsdetten Rochade V"]
[WhiteTeamCountry "GER"]
[BlackTeamCountry "GER"]

1. e4 e5 2. Nf3 Nf6 3. Nxe5 d6 4. Nf3 Nxe4 5. Qe2 Qe7 6. d3 Nf6 7. Qxe7+ Bxe7 8. Nc3 Bf5 9. Bf4 Nc6 10. Be2 0-0-0 11. 0-0 Rhe8 12. a3 Bg4 13. b4 Bxf3 14. Bxf3 Nd4 15. Bd1 Bf8 16. Be3 Nf5 17. Bxa7 b6 18. Bf3 Nd4 19. Ba8 Nxc2 20. Rac1 Nd4 21. Na4 Kd7 22. Bf3 Nxf3+ 23. gxf3 Ra8 24. Bxb6 Nd5 25. Ba5 Ra7 26. Nb2 Nf4 27. Rc4 Ng6 28. Rfc1 Rc8 29. Na4 Ne7 30. Bb6 Rxa4 31. Rxc7+ Rxc7 32. Rxc7+ Ke6 33. Be3 Nd5 34. Rc8 Be7 35. Bc1 Ra7 36. Rb8 Kd7 37. b5 Kc7 38. Rg8 g6 39. Rg7 f6 40. a4 Rxa4 41. Rxh7 Ra1 0-1

[Event "Steinfurt Bezirksklasse 1617"]
[Site "Germany"]
[Date "2017.01.14"]
[Round "5.2"]
[White "Boerger, Andreas1111"]
[Black "Herick, Maria"]
[Result "1-0"]
[WhiteElo "1647"]
[BlackElo "1251"]
[PlyCount "43"]
[EventDate "2016.09.17"]
[EventType "team"]
[EventRounds "10"]
[EventCountry "GER"]
[SourceTitle "EXT 2018"]
[Source "ChessBase"]
[SourceDate "2017.10.13"]
[SourceVersion "1"]
[SourceVersionDate "2017.10.13"]
[SourceQuality "1"]
[WhiteTeam "Reckenfeld II"]
[BlackTeam "Steinfurt IV"]
[WhiteTeamCountry "GER"]
[BlackTeamCountry "GER"]

1. d4 d5 2. c4 dxc4 3. e4 Nc6 4. Be3 e6 5. Bxc4 Nf6 6. Nc3 Bb4 7. f3 0-0 8. Nge2 Na5 9. Bd3 c6 10. 0-0 Qc7 11. a3 Bxc3 12. Nxc3 b6 13. Rc1 Nb7 14. Ne2 c5 15. b4 Qe7 16. dxc5 bxc5 17. bxc5 e5 18. c6 Nd6 19. Qa4 Nh5 20. Rfd1 f5 21. Bc5 Qf6 22. Bxd6 1-0

[Event "Steinfurt Bezirksklasse 1213"]
[Site "Germany"]
[Date "2013.03.23"]
[Round "7.7"]
[White "Herick, Maria"]
[Black "Kuehl, Laszlo"]
[Result "1-0"]
[WhiteElo "906"]
[BlackElo "846"]
[PlyCount "43"]
[EventDate "2012.09.29"]
[EventType "team-tourn"]
[EventRounds "9"]
[EventCountry "GER"]
[SourceTitle "EXT 2015"]
[Source "ChessBase"]
[SourceDate "2014.11.20"]
[SourceVersion "1"]
[SourceVersionDate "2014.11.20"]
[SourceQuality "1"]
[WhiteTeam "Steinfurt IV"]
[BlackTeam "Westerkappeln II"]
[WhiteTeamCountry "GER"]
[BlackTeamCountry "GER"]

1. e4 e5 2. Nf3 Nf6 3. Bc4 Nc6 4. c3 Nxe4 5. 0-0 Bd6 6. d4 exd4 7. cxd4 0-0 8. d5 Ne5 9. Nxe5 Bxe5 10. Re1 f5 11. Nd2 Nxd2 12. Bxd2 d6 13. Bc3 Qh4 14. Bxe5 Qxc4 15. Rc1 Qxa2 16. Rxc7 Rd8 17. Rxg7+ Kf8 18. Bf6 Rd7 19. Ree7 b6 20. h3 a5 21. Qh5 Qxd5 22. Qxh7 1-0